| 000 | 01115nam a2200301 i 4500 | ||
|---|---|---|---|
| 001 | 000034402 | ||
| 003 | DO-SdBNP | ||
| 005 | 20250915092810.0 | ||
| 007 | ta | ||
| 008 | 111004s2006 dr ac r 000 0 spa d | ||
| 020 | _a999343082X | ||
| 040 |
_aDO-SdBNP _bspa _cBNPHU _erda |
||
| 041 | _aspa | ||
| 082 | 4 |
_axxxx _bP438s _222 |
|
| 100 | 1 |
_aPérez Cuello, Catana de, _d1948- _eautor _4aut. _959827 |
|
| 245 | 1 | 0 |
_aSinfonía de ideas en 4 movimientos / _cCatana Pérez de Cuello ; prólogo, Julio de Windt. |
| 264 | 4 |
_aSanto Domingo : _bBanco Central de la República Dominicana, _c©2006. |
|
| 300 |
_a291 páginas : _bilustraciones, retratos; _c23 cm. |
||
| 336 |
_atexto _btxt _2rdacontent |
||
| 337 |
_asin mediación _bn _2rdamedia |
||
| 338 |
_avolumen _bnc _2rdamedia |
||
| 490 | 1 |
_aColección del Banco Central de la República Dominicana _v84 |
|
| 490 | 1 |
_aSerie Arte y literatura _v34 |
|
| 590 | _aInventariado, 2018/BT | ||
| 700 | 1 |
_aWindt, Julio de, _eprologuista _4pr. _957061 |
|
| 830 | 0 |
_aColección Banco Central de la República Dominicana _n84 _pSerie Arte y Literatura _n34 _959828 |
|
| 942 |
_2ddc _cLBS1 |
||
| 999 |
_c33893 _d33893 |
||